Mort Subite - Kpop Leaders - Statistiques

Statistiques générales
  • Ce quiz a été pris 1 786 fois
    1 267 depuis la dernière actualisation
  • Le résultat moyen est 5 sur 18
Answers on the Grid
Answers color-coded by a green-red scale on the quiz's grid according to % correct below.
Heesung - Enhypen
Seonghwa - Ateez
Jin - BTS
Bang Chan - Stray Kids
Sunhye - Young Posse
Jennie - Blackpink
Jihyo - Twice
Irene - Red Velvet
Yeji - Itzy
Leeteuk - Super Junior
Mark - NCT 127
Sihyeon - Everglow
Chaewon - Lesserafim
Solar - Mamamoo
Hyeonju - Unis
Aespa - Karina
Minjae - Xikers
Ruka - Babymonster
Chloe Young - Badvillain
Soyeon - I-dle
Eunkwang - Btob
G-Dragon - BigBang
Key - Shinee
Shownu - Monsta X
Sua - Dreamcatcher
Hanbin - ZeroBaseOne
Yeonjun - TXT
Hoshi - Seventeen
Danielle - NewJeans/NJZ
Ji Yunseo - EVNNE
 
Statistiques - réponses
Réponse % Correct
Bang Chan - Stray Kids
62%
Aespa - Karina
53%
Jihyo - Twice
52%
Yeji - Itzy
51%
Soyeon - I-dle
46%
G-Dragon - BigBang
44%
Chaewon - Lesserafim
43%
Irene - Red Velvet
38%
Solar - Mamamoo
31%
Hanbin - ZeroBaseOne
22%
Shownu - Monsta X
18%
Eunkwang - Btob
15%
Leeteuk - Super Junior
14%
Sihyeon - Everglow
11%
Minjae - Xikers
9%
Chloe Young - Badvillain
6%
Sunhye - Young Posse
6%
Hyeonju - Unis
5%
Aucun quiz correspondant
Distribution des résultats
% des personnes avec chaque résultat
Percentile par nombre de réponses
Votre historique - résultats
Vous n’avez pas pris ce quiz depuis la dernière actualisation